000 00556nam a2200181Ia 4500
005 20250326144504.0
008 250326s9999 xx 000 0 und d
037 _aTextbook
040 _aFMSL
_beng
_cFMSL
041 _aeng
_2eng
084 _aX:87 P8
_qFMSL
100 _aThomas R J
_9749747
245 0 _aCrucible of leadership : how to learn form experience to becom a great leader
_cThomas R J
260 _aBoston
_bBoston, Harvard Business
_c2008
365 _b1454.6714999999999
942 _cTB
_hX:87 P8
999 _c1303894
_d1303894